| 000 | 00776nam a22002297a 4500 | ||
|---|---|---|---|
| 999 |
_c18782 _d18782 |
||
| 003 | AR-CdUCM | ||
| 008 | 190329b ||||| |||| 00| 0 spa d | ||
| 040 |
_aMUNICIPALIDAD PROVINCIAL DEL CUSCO _cBIBLIOTECA MUNICIPAL DEL CUSCO |
||
| 082 |
_23ed _a800 / _bD66 |
||
| 100 |
_aDickens, Carlos _926933 |
||
| 245 | _aDavid Copperfield / | ||
| 260 |
_aBuenos Aires : _bEditorial Tor, _c1968.. |
||
| 300 |
_a222 páginas ; _c23 cm. |
||
| 440 |
_aBiblioteca las obras famosas _925770 |
||
| 505 | _aContenido: Primeras observaciones -- Ocurre un desagradale cambio -- Caigo en desgracia... | ||
| 650 |
_aLiteratura escolar _926679 |
||
| 650 |
_aFicción _9184 |
||
| 650 |
_aSiglo XX _98 |
||
| 700 |
_aLabrousse, Pedro E. _939581 |
||
| 942 |
_2ddc _cLIBROS |
||
| 945 |
_adavv _d2019-05-15 |
||